Políticas de ciudadanía : discurso público sobre la gestión local de la diversidad / Ricard Zapata-Barrero discurso público sobre la gestión local de la diversidad / Ricard Zapata-Barrero
ISBN:
978-84-9803-346-5
Descripción Física:
69 p. ; 24 cm
Colección:
Estudios. Igualdad y Ciudadanía ; 5
MARC
| LEADER | 00000nam a2200000Ia 4500 | ||
|---|---|---|---|
| 001 | 22210 | ||
| 008 | 160829s2009 xx 000 0 cat d | ||
| 020 | |a 978-84-9803-346-5 | ||
| 080 | |a M-6-295 | ||
| 100 | |a Zapata Barrero, Ricard |9 39547 | ||
| 245 | |a Políticas de ciudadanía : |b discurso público sobre la gestión local de la diversidad / Ricard Zapata-Barrero | ||
| 260 | |a Barcelona : |b Diputació de Barcelona. Àrea d'igualtat i Ciutadania, |c 2009 | ||
| 300 | |a 69 p. ; |c 24 cm | ||
| 490 | |a Estudios. Igualdad y Ciudadanía ; 5 | ||
| 590 | |a Bibliografia. | ||
| 590 | |a Hi ha un exemplar en català amb R. 21802 | ||
| 650 | 0 | |a Administració local |9 34286 | |
| 650 | |a Ciutadania |9 49906 | ||
| 710 | |a Barcelona (Catalunya : Província). |b Àrea d'Igualtat i Ciutadania |9 7840 | ||
| 901 | |a Arxiu | ||
| 942 | |n 1 | ||
| 952 | |0 0 |1 0 |4 0 |6 M6295 |7 1 |9 49077 |a Arxiu |b Arxiu |d 2016-12-01 |l 0 |o M-6-295 |p 22210 |r 2016-12-01 00:00:00 |w 2016-12-01 |y ARXIU | ||
| 999 | |c 52914 |d 52914 | ||